[Event "SC Bocholt 1-SC Rochade Emsdetten 1"]
[Site "?"]
[Date "2023.09.09"]
[Round "1.8"]
[White "Larrass, Ingolf"]
[Black "Gerighausen, Karl Heinz"]
[Result "1/2-1/2"]
[WhiteElo "1643"]
[BlackElo "1830"]
[PlyCount "81"]
[EventDate "2023.??.??"]
[SourceTitle "Verband Muensterland"]
[SourceDate "2023.10.23"]
[SourceVersion "1"]
[SourceVersionDate "2023.10.23"]
[SourceQuality "1"]
[WhiteTeam "Bocholt"]
[BlackTeam "Emsdetten Rochade"]
[WhiteTeamCountry "GER"]
[BlackTeamCountry "GER"]

1. Nf3 d5 2. d4 Nf6 3. e3 e6 4. g3 c5 5. c4 Nc6 6. Nc3 cxd4 7. Nxd4 Be7 8. Bg2
O-O 9. O-O a6 10. a3 Qd6 11. Nxc6 bxc6 12. Qc2 Qc5 13. Na4 Qa7 14. c5 Nd7 15.
b4 a5 16. Bd2 Ba6 17. Rfe1 Bb5 18. Nc3 Bc4 19. Bf1 Qa6 20. Ne2 Bd3 21. Qb2 Rfb8
22. Bc3 Bf6 23. Bxf6 Nxf6 24. Nd4 Bxf1 25. Rxf1 Qc8 26. Rfb1 Ne4 27. f3 Nxc5
28. Qc2 Nd7 29. Nxc6 Kf8 30. Rc1 Rb6 31. Nxa5 Qxc2 32. Rxc2 Ne5 33. Kg2 Nd3 34.
Rc6 Rb5 35. Rd1 Nxb4 36. axb4 Rxb4 37. Rdc1 Rb2+ 38. R6c2 Rxc2+ 39. Rxc2 Rxa5
40. f4 Ra7 41. Kf3 1/2-1/2

[Event "SC Falke Saerbeck 1-SC Klein-Berlin Rhe"]
[Site "?"]
[Date "2023.09.09"]
[Round "1.1"]
[White "Ottens, Stephan"]
[Black "Vos, Thomas"]
[Result "0-1"]
[WhiteElo "2197"]
[BlackElo "2181"]
[PlyCount "56"]
[EventDate "2023.??.??"]
[SourceTitle "Verband Muensterland"]
[SourceDate "2023.10.23"]
[SourceVersion "1"]
[SourceVersionDate "2023.10.23"]
[SourceQuality "1"]
[WhiteTeam "Rheine Klein Berlin"]
[BlackTeam "Saerbeck"]
[WhiteTeamCountry "GER"]
[BlackTeamCountry "GER"]

1. e4 d5 2. exd5 Nf6 3. d4 Bg4 4. Be2 Bxe2 5. Qxe2 Qxd5 6. Nf3 Nc6 7. c4 Qf5 8.
a3 Na5 9. Nbd2 g5 10. d5 Bg7 11. Nd4 Qd7 12. b4 Nc6 13. dxc6 Qxd4 14. cxb7 Rb8
15. Rb1 O-O 16. Bb2 Qf4 17. Be5 Qf5 18. Bxc7 Rxb7 19. Bg3 Rd7 20. O-O Qc2 21.
Rbd1 Rfd8 22. c5 Rxd2 23. Rxd2 Rxd2 24. Qxe7 Rd1 25. Re1 Ne4 26. Qe8+ Bf8 27.
f3 Nxg3 28. hxg3 Rd2 0-1

[Event "SC Falke Saerbeck 1-SC Klein-Berlin Rhe"]
[Site "?"]
[Date "2023.09.09"]
[Round "1.2"]
[White "Kipp, Lucas"]
[Black "Averkamp Peters, Jens"]
[Result "1/2-1/2"]
[WhiteElo "2012"]
[BlackElo "2030"]
[PlyCount "24"]
[EventDate "2023.??.??"]
[SourceTitle "Verband Muensterland"]
[SourceDate "2023.10.23"]
[SourceVersion "1"]
[SourceVersionDate "2023.10.23"]
[SourceQuality "1"]
[WhiteTeam "Saerbeck"]
[BlackTeam "Rheine Klein Berlin"]
[WhiteTeamCountry "GER"]
[BlackTeamCountry "GER"]

1. e4 d5 2. exd5 Nf6 3. Nc3 c6 4. dxc6 Nxc6 5. Nf3 e5 6. Bb5 Bd6 7. d3 O-O 8.
Bg5 Nd4 9. Bxf6 Qxf6 10. Ne4 Qg6 11. Nxd4 exd4 12. Nxd6 Qxg2 1/2-1/2

[Event "SC Falke Saerbeck 1-SC Klein-Berlin Rhe"]
[Site "?"]
[Date "2023.09.09"]
[Round "1.3"]
[White "Bruemmer, Andreas"]
[Black "Fischer, Andreas"]
[Result "1-0"]
[WhiteElo "1943"]
[BlackElo "1965"]
[PlyCount "141"]
[EventDate "2023.??.??"]
[SourceTitle "Verband Muensterland"]
[SourceDate "2023.10.23"]
[SourceVersion "1"]
[SourceVersionDate "2023.10.23"]
[SourceQuality "1"]
[WhiteTeam "Rheine Klein Berlin"]
[BlackTeam "Saerbeck"]
[WhiteTeamCountry "GER"]
[BlackTeamCountry "GER"]

1. Nf3 d5 2. g3 c6 3. Bg2 Nf6 4. O-O g6 5. d4 Bg7 6. c4 O-O 7. Nc3 Ne4 8. Qb3
e6 9. Be3 f5 10. a4 Qb6 11. Qc2 a5 12. Rfd1 Nd7 13. Ne5 Qd8 14. cxd5 Nxe5 15.
dxe5 exd5 16. f4 Nxc3 17. bxc3 Qe8 18. c4 dxc4 19. Qxc4+ Be6 20. Qc3 Rf7 21.
Bb6 Bf8 22. Bxa5 Rd7 23. Bb6 Be7 24. a5 Bd8 25. Bxd8 Qxd8 26. Rxd7 Qxd7 27. h4
Rc8 28. Kf2 Qc7 29. Bf3 Ra8 30. e3 Kf7 31. h5 Rd8 32. a6 bxa6 33. Rxa6 c5 34.
Rc6 Qa7 35. Rxc5 Qa2+ 36. Kg1 Rb8 37. Rc7+ Kg8 38. Bg2 Rb2 39. Qc6 Bf7 40. e6
Qxe6 41. Rc8+ Kg7 42. Qc3+ Kh6 43. hxg6 Bxg6 44. Rc7 Rxg2+ 45. Kxg2 Qd5+ 46.
Kh2 Qf3 47. Qd2 Bh5 48. Re7 Qc6 49. e4 Qc5 50. Re6+ Bg6 51. Re5 Qc8 52. exf5
Bxf5 53. Qd6+ Kh5 54. Qc5 Qxc5 55. Rxc5 Kg4 56. Rc3 Kh5 57. Kg2 Kg4 58. Kf2 Bg6
59. Rc5 Bf5 60. Rc4 Bg6 61. Rc5 Bf5 62. Kg2 Be4+ 63. Kh2 Bf5 64. Re5 h5 65. Re7
Kf3 66. Rf7 Bg4 67. Rh7 Ke4 68. Kg2 Bd1 69. Kf2 Kf5 70. Rg7 Bg4 71. Ke3 1-0

[Event "SC Falke Saerbeck 1-SC Klein-Berlin Rhe"]
[Site "?"]
[Date "2023.09.09"]
[Round "1.4"]
[White "Bartsch, Jan"]
[Black "Langhanke, Guenther"]
[Result "1/2-1/2"]
[WhiteElo "1811"]
[BlackElo "2064"]
[PlyCount "54"]
[EventDate "2023.??.??"]
[SourceTitle "Verband Muensterland"]
[SourceDate "2023.10.23"]
[SourceVersion "1"]
[SourceVersionDate "2023.10.23"]
[SourceQuality "1"]
[WhiteTeam "Saerbeck"]
[BlackTeam "Rheine Klein Berlin"]
[WhiteTeamCountry "GER"]
[BlackTeamCountry "GER"]

1. d4 d5 2. Nc3 Nf6 3. Bf4 Bf5 4. f3 e6 5. g4 Bg6 6. h4 h6 7. e3 Bd6 8. Nh3 c6
9. Bd3 Bxd3 10. Qxd3 Qc7 11. O-O-O Bxf4 12. Nxf4 Nbd7 13. g5 Ng8 14. g6 Nf8 15.
gxf7+ Qxf7 16. Rdg1 Ne7 17. Nce2 O-O-O 18. e4 dxe4 19. fxe4 e5 20. Qh3+ Kb8 21.
dxe5 Rg8 22. e6 Qf6 23. Rf1 Qe5 24. Nc3 Rd6 25. Nd3 Qxe6 26. Qxe6 Nxe6 27. Rf7
Re8 1/2-1/2

[Event "SC Falke Saerbeck 1-SC Klein-Berlin Rhe"]
[Site "?"]
[Date "2023.09.09"]
[Round "1.5"]
[White "Ratert, Matthias"]
[Black "Hegemann, Eike"]
[Result "1/2-1/2"]
[WhiteElo "1847"]
[BlackElo "2093"]
[PlyCount "21"]
[EventDate "2023.??.??"]
[SourceTitle "Verband Muensterland"]
[SourceDate "2023.10.23"]
[SourceVersion "1"]
[SourceVersionDate "2023.10.23"]
[SourceQuality "1"]
[WhiteTeam "Rheine Klein Berlin"]
[BlackTeam "Saerbeck"]
[WhiteTeamCountry "GER"]
[BlackTeamCountry "GER"]

1. e4 c5 2. c3 Nf6 3. e5 Nd5 4. Nf3 d6 5. Bc4 e6 6. O-O Be7 7. d4 O-O 8. Qe2
Nc6 9. Rd1 cxd4 10. cxd4 Nb6 11. Bb3 1/2-1/2

[Event "SC Falke Saerbeck 1-SC Klein-Berlin Rhe"]
[Site "?"]
[Date "2023.09.09"]
[Round "1.6"]
[White "Kessens, Felix Magnus"]
[Black "Van Dijk, Guido"]
[Result "1/2-1/2"]
[WhiteElo "1742"]
[BlackElo "1817"]
[PlyCount "22"]
[EventDate "2023.??.??"]
[SourceTitle "Verband Muensterland"]
[SourceDate "2023.10.23"]
[SourceVersion "1"]
[SourceVersionDate "2023.10.23"]
[SourceQuality "1"]
[WhiteTeam "Saerbeck"]
[BlackTeam "Rheine Klein Berlin"]
[WhiteTeamCountry "GER"]
[BlackTeamCountry "GER"]

1. e4 c6 2. d4 d5 3. f3 dxe4 4. fxe4 e5 5. Nf3 exd4 6. Bc4 Be6 7. Bxe6 fxe6 8.
O-O Nf6 9. Ng5 e5 10. c3 Qb6 11. Kh1 c5 1/2-1/2

[Event "SC Falke Saerbeck 1-SC Klein-Berlin Rhe"]
[Site "?"]
[Date "2023.09.09"]
[Round "1.7"]
[White "Hauk, Viktor"]
[Black "Hoge, Reinhard"]
[Result "1/2-1/2"]
[WhiteElo "1867"]
[BlackElo "1951"]
[PlyCount "32"]
[EventDate "2023.??.??"]
[SourceTitle "Verband Muensterland"]
[SourceDate "2023.10.23"]
[SourceVersion "1"]
[SourceVersionDate "2023.10.23"]
[SourceQuality "1"]
[WhiteTeam "Rheine Klein Berlin"]
[BlackTeam "Saerbeck"]
[WhiteTeamCountry "GER"]
[BlackTeamCountry "GER"]

1. d4 Nf6 2. c4 g6 3. Nc3 Bg7 4. Nf3 O-O 5. Bg5 h6 6. Bh4 c5 7. d5 d6 8. e4 b5
9. cxb5 a6 10. bxa6 Qa5 11. Nd2 Bxa6 12. Bxa6 Qxa6 13. Qe2 Nbd7 14. Qxa6 Rxa6
15. Nc4 Rb8 16. O-O Rb4 1/2-1/2

[Event "SC Falke Saerbeck 1-SC Klein-Berlin Rhe"]
[Site "?"]
[Date "2023.09.09"]
[Round "1.8"]
[White "Waltermann, Jens"]
[Black "Miethe, Christoph"]
[Result "1/2-1/2"]
[WhiteElo "1812"]
[BlackElo "1855"]
[PlyCount "39"]
[EventDate "2023.??.??"]
[SourceTitle "Verband Muensterland"]
[SourceDate "2023.10.23"]
[SourceVersion "1"]
[SourceVersionDate "2023.10.23"]
[SourceQuality "1"]
[WhiteTeam "Saerbeck"]
[BlackTeam "Rheine Klein Berlin"]
[WhiteTeamCountry "GER"]
[BlackTeamCountry "GER"]

1. Nf3 e6 2. c4 Nf6 3. Nc3 d5 4. d4 Be7 5. Bf4 O-O 6. e3 a6 7. a3 dxc4 8. Bxc4
b5 9. Bd3 Bb7 10. O-O c5 11. dxc5 Bxc5 12. b4 Be7 13. Be2 Qxd1 14. Rfxd1 Nc6
15. Ne5 Nxe5 16. Bxe5 Rfd8 17. Bf3 Bxf3 18. gxf3 Rac8 19. Rxd8+ Rxd8 20. Rd1
1/2-1/2

[Event "SF Beelen 1-SG Turm Raesfeld-Erle 2"]
[Site "?"]
[Date "2023.09.09"]
[Round "1.1"]
[White "Greifenberg, Daniel"]
[Black "Hofene, Dieter"]
[Result "1-0"]
[WhiteElo "2097"]
[BlackElo "2047"]
[PlyCount "67"]
[EventDate "2023.??.??"]
[SourceTitle "Verband Muensterland"]
[SourceDate "2023.10.23"]
[SourceVersion "1"]
[SourceVersionDate "2023.10.23"]
[SourceQuality "1"]
[WhiteTeam "Raesfeld Erle II"]
[BlackTeam "Beelen"]
[WhiteTeamCountry "GER"]
[BlackTeamCountry "GER"]

1. d4 Nf6 2. Nf3 e6 3. c4 Bb4+ 4. Nbd2 O-O 5. a3 Bxd2+ 6. Bxd2 d6 7. Qc2 Qe8 8.
e4 b6 9. e5 Nfd7 10. Qe4 d5 11. cxd5 f5 12. Qc2 exd5 13. Qxc7 Nf6 14. Bd3 Ne4
15. Qc2 Bb7 16. O-O Nc6 17. b4 Rc8 18. Qa2 Nd8 19. Rac1 Rxc1 20. Rxc1 Ne6 21.
b5 Qg6 22. a4 Qh5 23. Bb4 Re8 24. Qb2 Nf4 25. Ne1 Qg5 26. Kh1 Re6 27. Rc7 Rg6
28. Qc2 h6 29. Bxe4 fxe4 30. Rxb7 Nd3 31. Qc8+ Kh7 32. Rb8 Nxf2+ 33. Kg1 Nh3+
34. Qxh3 1-0

[Event "SF Beelen 1-SG Turm Raesfeld-Erle 2"]
[Site "?"]
[Date "2023.09.09"]
[Round "1.2"]
[White "Hanewinkel, Christian"]
[Black "Terhart, Juergen"]
[Result "1/2-1/2"]
[WhiteElo "1893"]
[BlackElo "1849"]
[PlyCount "38"]
[EventDate "2023.??.??"]
[SourceTitle "Verband Muensterland"]
[SourceDate "2023.10.23"]
[SourceVersion "1"]
[SourceVersionDate "2023.10.23"]
[SourceQuality "1"]
[WhiteTeam "Beelen"]
[BlackTeam "Raesfeld Erle II"]
[WhiteTeamCountry "GER"]
[BlackTeamCountry "GER"]

1. d4 c6 2. c4 d5 3. Nc3 Nf6 4. Bg5 e6 5. e3 h6 6. Bh4 Be7 7. Nf3 O-O 8. Bd3
dxc4 9. Bxc4 b5 10. Bd3 Bb7 11. O-O Nbd7 12. a3 a6 13. b4 Nd5 14. Bxe7 Qxe7 15.
Ne4 a5 16. Nc5 Nxc5 17. bxc5 Ba6 18. Ne5 Qc7 19. Qc2 Rfb8 1/2-1/2

[Event "SF Beelen 1-SG Turm Raesfeld-Erle 2"]
[Site "?"]
[Date "2023.09.09"]
[Round "1.3"]
[White "Broemmel, Chris"]
[Black "Austermann, Reinhold"]
[Result "1-0"]
[WhiteElo "1861"]
[BlackElo "1817"]
[PlyCount "97"]
[EventDate "2023.??.??"]
[SourceTitle "Verband Muensterland"]
[SourceDate "2023.10.23"]
[SourceVersion "1"]
[SourceVersionDate "2023.10.23"]
[SourceQuality "1"]
[WhiteTeam "Raesfeld Erle II"]
[BlackTeam "Beelen"]
[WhiteTeamCountry "GER"]
[BlackTeamCountry "GER"]

1. e4 c5 2. Nf3 d6 3. c3 g6 4. d4 cxd4 5. cxd4 Bg7 6. Nc3 a6 7. a4 Bg4 8. Be3
Bxf3 9. Qxf3 Nc6 10. Bc4 e6 11. Rd1 Nge7 12. O-O O-O 13. d5 Ne5 14. Qe2 Nxc4
15. Qxc4 e5 16. f4 f5 17. fxe5 Bxe5 18. Bd4 Bxd4+ 19. Qxd4 fxe4 20. Nxe4 Nf5
21. Qb4 Qd7 22. Qc3 Rac8 23. Nf6+ Rxf6 24. Qxf6 Ne3 25. Rde1 Nxd5 26. Qd4 Ne7
27. Rf6 d5 28. Qf4 Qc7 29. Qf2 Nf5 30. g4 Nd6 31. Qd4 Qa5 32. b4 Qc7 33. Qxd5+
Nf7 34. Ref1 Rf8 35. b5 axb5 36. axb5 Qe7 37. Qd4 Qe2 38. Qd5 Qe7 39. Kg2 Qc7
40. b6 Qe7 41. R1f2 Kg7 42. g5 Kg8 43. h4 Kg7 44. Kh2 Kg8 45. h5 Kg7 46. h6+
Kh8 47. Rxf7 Rxf7 48. Qxf7 Qe5+ 49. Qf4 1-0

[Event "SF Beelen 1-SG Turm Raesfeld-Erle 2"]
[Site "?"]
[Date "2023.09.09"]
[Round "1.4"]
[White "Hanewinkel, Martin"]
[Black "Fasselt, Hendrik"]
[Result "1/2-1/2"]
[WhiteElo "1939"]
[BlackElo "1853"]
[PlyCount "27"]
[EventDate "2023.??.??"]
[SourceTitle "Verband Muensterland"]
[SourceDate "2023.10.23"]
[SourceVersion "1"]
[SourceVersionDate "2023.10.23"]
[SourceQuality "1"]
[WhiteTeam "Beelen"]
[BlackTeam "Raesfeld Erle II"]
[WhiteTeamCountry "GER"]
[BlackTeamCountry "GER"]

1. d4 d5 2. Nf3 Nf6 3. Bf4 Bf5 4. c3 c6 5. e3 h6 6. Bd3 Bxd3 7. Qxd3 e6 8. Nbd2
Bd6 9. Bxd6 Qxd6 10. e4 dxe4 11. Nxe4 Nxe4 12. Qxe4 Nd7 13. O-O O-O 14. Rad1
1/2-1/2

[Event "SF Beelen 1-SG Turm Raesfeld-Erle 2"]
[Site "?"]
[Date "2023.09.09"]
[Round "1.5"]
[White "Boelker, Franz"]
[Black "Hofene, Josef"]
[Result "1-0"]
[WhiteElo "1815"]
[BlackElo "1760"]
[PlyCount "77"]
[EventDate "2023.??.??"]
[SourceTitle "Verband Muensterland"]
[SourceDate "2023.10.23"]
[SourceVersion "1"]
[SourceVersionDate "2023.10.23"]
[SourceQuality "1"]
[WhiteTeam "Raesfeld Erle II"]
[BlackTeam "Beelen"]
[WhiteTeamCountry "GER"]
[BlackTeamCountry "GER"]

1. d4 Nf6 2. c4 e5 3. dxe5 Ng4 4. Nf3 Bc5 5. e3 Nc6 6. a3 a5 7. Nc3 Ngxe5 8.
Be2 O-O 9. O-O d6 10. b3 Bg4 11. Nxe5 Bxe2 12. Nxc6 Bxd1 13. Nxd8 Bxb3 14. Nxb7
Bb6 15. Nd5 Rab8 16. Nxb6 Rxb7 17. Nd5 Re8 18. Rb1 a4 19. Bd2 Re4 20. Rfc1 Kf8
21. f3 Re8 22. Nc3 Reb8 23. Nb5 d5 24. Bb4+ Ke8 25. Nxc7+ Rxc7 26. Bd6 Rbc8 27.
Bxc7 Rxc7 28. cxd5 Rxc1+ 29. Rxc1 Bxd5 30. Rc7 Be6 31. Ra7 Bb3 32. Kf2 Kd8 33.
Ke1 Kc8 34. Kd2 Kb8 35. Re7 Be6 36. Kc3 Bb3 37. Kb4 Ka8 38. Ka5 Kb8 39. Re4 1-0

[Event "SF Beelen 1-SG Turm Raesfeld-Erle 2"]
[Site "?"]
[Date "2023.09.09"]
[Round "1.6"]
[White "Hanewinkel, Winfried"]
[Black "Spyrou, Elias"]
[Result "0-1"]
[WhiteElo "1957"]
[BlackElo "1727"]
[PlyCount "62"]
[EventDate "2023.??.??"]
[SourceTitle "Verband Muensterland"]
[SourceDate "2023.10.23"]
[SourceVersion "1"]
[SourceVersionDate "2023.10.23"]
[SourceQuality "1"]
[WhiteTeam "Beelen"]
[BlackTeam "Raesfeld Erle II"]
[WhiteTeamCountry "GER"]
[BlackTeamCountry "GER"]

1. d4 g6 2. c4 Bg7 3. Nc3 d6 4. e4 e5 5. Be3 Nd7 6. Be2 Ngf6 7. d5 a5 8. f3 Nc5
9. a3 Nh5 10. b4 Nf4 11. Bf1 axb4 12. axb4 Rxa1 13. Qxa1 Nd7 14. g3 Nh5 15.
Nge2 O-O 16. g4 Nf4 17. Kd2 f5 18. h3 fxe4 19. Nxe4 Nf6 20. N2c3 c6 21. Qa2 Kh8
22. b5 cxd5 23. cxd5 b6 24. Qa3 N4xd5 25. Nxd5 Nxd5 26. Bg5 Nf6 27. Bxf6 Bxf6
28. Bd3 d5 29. Nc3 Bb7 30. Qa4 Qc7 31. Ne2 Bg5+ 0-1

[Event "SF Beelen 1-SG Turm Raesfeld-Erle 2"]
[Site "?"]
[Date "2023.09.09"]
[Round "1.7"]
[White "Kadenbach, Wolfgang"]
[Black "Fuisting, Dominik"]
[Result "0-1"]
[WhiteElo "1725"]
[BlackElo "1860"]
[PlyCount "60"]
[EventDate "2023.??.??"]
[SourceTitle "Verband Muensterland"]
[SourceDate "2023.10.23"]
[SourceVersion "1"]
[SourceVersionDate "2023.10.23"]
[SourceQuality "1"]
[WhiteTeam "Raesfeld Erle II"]
[BlackTeam "Beelen"]
[WhiteTeamCountry "GER"]
[BlackTeamCountry "GER"]

1. d4 d5 2. c4 e6 3. Nf3 f5 4. a3 Nf6 5. Bf4 Bd6 6. Bxd6 Qxd6 7. c5 Qe7 8. Nc3
c6 9. b4 Nbd7 10. e3 Ne4 11. Nxe4 fxe4 12. Nd2 O-O 13. Be2 e5 14. Nb3 Qg5 15.
Bg4 exd4 16. Nxd4 Ne5 17. Bxc8 Nd3+ 18. Qxd3 exd3 19. Bh3 d2+ 20. Ke2 Rae8 21.
Nf3 Qf6 22. Rhd1 d4 23. Ra2 dxe3 24. fxe3 Qf4 25. Raxd2 Rxe3+ 26. Kf2 Rxf3+ 27.
gxf3 Qxf3+ 28. Kg1 Qxh3 29. Rd3 Rf1+ 30. Rxf1 Qxd3 0-1